00442nam a2200121Ia 4500008004100000245013200041260004500173260000900218300000800227500001000235650001300245856006200258170516s9999 xx 000 0 und d aRapid and sensitive analysis of cyclobenzaprine by LC–MS/MS: Application to a pharmacokinetic study of cyclobenzaprine in dog bAsian Journal of Pharmaceutical Sciences c2014 a9:2 aApril xPharmacy uhttp://www.sciencedirect.com/science/journal/18180876/9/2